Zeměpis pro školy měšťanské ; upravil Josef Krejčí. Stupeň 1.

Main Author: Krejčí, Josef, 1844-1929
Language: Czech
Published: V Praze : Tempský, 1884
Edition: 4. poopr. vyd.
Physical Description: 64 s.
Book
Saved in:
LEADER 00696nam a2200229 a 4500
001 000682680
003 CZ BrMZK
005 20030819133636.0
007 ta
008 030819s1884 xr f cze d
015 |a cnb002152278 
040 |a BOA001  |b cze  |c BOA001 
100 1 |a Krejčí, Josef,  |d 1844-1929  |7 jk01063213  |4 aut 
245 1 0 |a Zeměpis pro školy měšťanské ; upravil Josef Krejčí.  |n Stupeň 1. 
250 |a 4. poopr. vyd. 
260 |a V Praze :  |b Tempský,  |c 1884 
300 |a 64 s. 
910 |a BOA001  |b 2-0075.563,1 
964 |a Bohemika - stol. 19. 
990 |a BK 
993 |a Y 
996 6 |b BC-110933  |c 2-0075.563,1  |l MZK  |r Sklad / do 24 hodin  |n 0  |w 000682680  |u 000020  |a 1  |e BOA001  |j MZK50  |s P